Представление документа в формате RUSMARC

ПолеНазваниеЗначение
  Тип записи a
  Библиографический уровень m
001 Контрольный номер RU/SLIB/B/220374715
005 Дата корректировки 20201206204446.2
010 Индекс ISBN __
a ISBN 5-8270-0234-8
d Цена 98-00
101 Язык документа __
a Язык текста rus
c Язык оригинала rus
200 Заглавие и сведения об ответственности 0_
a Заглавие Окрасился месяц багрянцем...
f Первые сведения об ответственности Николай Палькин ; [сост. ил. В. К. Иванов]
b Общее обозначение материала Текст
210 Выходные данные __
a Место издания Саратов
c Издательство Регион. Приволж. изд-во "Дет. кн."
d Дата издания 1999
215 Физическое описание __
a Объем 187, [5] с., [8] л. цв. ил.
c Иллюстрации/тип воспроизводства ил.
330 Аннотация __
a Аннотация Книга о красоте и силе русской песни, о вековых традициях песенного искусства, о тайнах рождения новых народных русских песен.
606 Тематические рубрики __
a Основная рубрика Музыка и зрелищные искусства
y Географическая подрубрика Россия
606 Тематические рубрики __
a Основная рубрика История музыки
610 Ключевые слова __
a Ключевые слова музыкальная культура; песенное творчество; народные песни; русские песни; песни; история русских песен; музыкальные инструменты
686 Индексы других классификаций __
a Классификационный индекс 85.313(2=411.2)-2
700 Автор _1
a Фамилия Палькин
b Имя Н. Е.
g Полное личное имя Николай Егорович
4 Код отношения 070
702 Вторичная интеллектуальная ответственность _1
a Фамилия Иванов
b Имя В. К.
4 Код отношения Составитель
4 Код отношения 220
801 Источник записи _0
a Страна RU
b Организация Муниципальное бюджетное учреждение культуры "Централизованная библиотечная система" г. Сургут (Центральная городская библиотека им. А. С. Пушкина)
g Правила каталогизации КиК/Дорошева
801 Источник записи _1
a Страна RU
b Организация Муниципальное бюджетное учреждение культуры "Централизованная библиотечная система" г. Сургут (Центральная городская библиотека им. А. С. Пушкина)
g Правила каталогизации КиК/Дорошева
852 Данные о местонахождении __
j Шифр хранения 85.313(2=411.2)-2
c Каталожный индекс 85.313(2)6
i Авторский знак П 14
901 Тип документа 1_
t Тип документа m
903 Характеристики (МАРС) __
a Дата передачи 20061229
990 Данные о заказе (DOS) __
j Количество экземпляров (DOS) 1
t N записи в КСУ для И/У (DOS) 200701